000 00468nam a22001937a 4500
003 OSt
005 20241105095138.0
008 241105b |||||||| |||| 00| 0 eng d
040 _cMRSPTU
041 _aENG
082 _a634.99
_bPA-I
100 _aParthiban, K. T.
245 _aIntroduction to Forestry & Agroforestry
260 _aJodhpur
_bScientific Pub.
_c2023
300 _a367
650 _aAgriculture
700 _aKumar, Krishan
942 _2ddc
_cBK
_n0
999 _c10424
_d10424